By the Honourable Spencer Phips, Esq; ... A proclamation for proroguing the General Court : ... unto Thursday the sixth day of January next ... Given at Boston, the sixth day of December 1756 ...

Bibliographic Details
Corporate Author: Massachusetts. Lieutenant Governor (1732-1757 : Phips)
Other Authors: Phips, Spencer, 1685-1757
Format: eBook
Language:English
Series:Early American imprints. Evans (1639-1800) ; no. 40848.
Subjects:
Online Access:Evans Digital Edition

MARC

Tag First Indicator Second Indicator Subfields
LEADER 00000cam a22000001a 4500
001 in00002164821
006 m e d #
007 cr mn mmmmabba
008 820204s1756 maui s s000 0 eng d
005 20260331160243.4
035 |z w034642 
035 |a MAAR8202044410B 
035 |9 mwa91-26774 
035 |a 322886 
035 |a aas03034642 
040 |a MWA  |c MWA  |e bdrb  |d UtOrBLW 
110 1 |a Massachusetts.  |b Lieutenant Governor (1732-1757 : Phips) 
245 1 0 |a By the Honourable Spencer Phips, Esq; ... A proclamation for proroguing the General Court :  |b ... unto Thursday the sixth day of January next ... Given at Boston, the sixth day of December 1756 ... 
264 3 |a Boston :  |b Printed by John Draper, printer to the honourable the lieutenant-governour and Council,  |c [1756] 
300 |a 1 sheet (1 unnumbered page) :  |b coat of arms. 
336 |a text  |b txt  |2 rdacontent 
337 |a computer  |b c  |2 rdamedia 
338 |a online resource  |b cr  |2 rdacarrier 
500 |a Signed: By order of the honourable the lieutenant-governour, S. Phips. Tho's Clarke, dep'ty secr'y. 
510 4 |a Bristol  |c B1815 
510 4 |a Shipton & Mooney  |c 40848 
510 4 |a Ford, W.C. Broadsides,  |c 1060 
530 |a Microform version available in the Readex Early American Imprints series. 
533 |a Electronic text and image data.  |b [Chester, Vt. :  |c Readex, a division of Newsbank, Inc.,  |d 2002-2004.  |e Includes files in TIFF, GIF and PDF formats with inclusion of keyword searchable text.  |f (Early American imprints. First series ; no. 40848). 
500 |a Electronic resource. 
610 1 0 |a Massachusetts.  |b General Court. 
655 7 |a Broadsides.  |2 rbgenr 
700 1 |a Phips, Spencer,  |d 1685-1757. 
752 |a United States  |b Massachusetts  |d Boston. 
830 0 |a Early American imprints.  |n Series I,  |p Evans (1639-1800) ;  |v no. 40848. 
856 4 1 |u http://proxy.library.tamu.edu/login?url=https://opac.newsbank.com/select/evans/40848  |y Evans Digital Edition  |t 0 
999 |a MARS 
999 f f |s bef163db-a703-3469-8178-104f6a263e3d  |i eaf9a540-2dac-332e-9cf3-4c64941a1eec  |t 0 
952 f f |a Texas A&M University  |b College Station  |c Electronic Resources  |s www_evans  |d Available Online  |t 0  |h No information provided 
998 f f |t 0  |l Available Online